Countries by Bordering Shapes #1 - Statistics

General Stats
  • This quiz has been taken 4,426 times
  • The average score is 15 of 17
Answer Stats
Flags Country % Correct
Canada
100%
Sweden
96%
Lesotho
95%
Mongolia
95%
United Kingdom
95%
Cambodia
92%
Mexico
92%
North Korea
92%
Andorra
91%
Chile
87%
Indonesia
87%
Yemen
87%
Denmark
86%
Greece
86%
Tunisia
86%
Moldova
84%
Netherlands
82%
No matching quizzes found
Score Distribution
Percent of People with Each Score
Percentile by Number Answered
Your Score History
You have not taken this quiz